[Event "Ruse Cup 1st"]
[Site "Ruse"]
[Date "2017.04.30"]
[Round "4"]
[White "Vladimirov, Ivo"]
[Black "Dyakov, Martin"]
[Result "1/2-1/2"]
[WhiteElo "1977"]
[BlackElo "2017"]
[PlyCount "43"]
[EventDate "2017.04.29"]
[EventType "swiss"]
[EventRounds "7"]
[EventCountry "BUL"]
[SourceTitle "CBM 178 Extra"]
[Source "ChessBase"]
[SourceDate "2017.06.22"]
[SourceVersion "1"]
[SourceVersionDate "2017.06.22"]
[SourceQuality "1"]

1. d4 Nf6 2. c4 e6 3. Nc3 Bb4 4. Qc2 c5 5. dxc5 0-0 6. Nf3 Nc6 7. Bg5 Bxc5 8. e3 b6 9. Be2 Bb7 10. a3 Be7 11. 0-0 h6 12. Bh4 Rc8 13. b4 d5 14. Rfd1 Qe8 15. Qb3 dxc4 16. Bxc4 Nh5 17. Bxe7 Qxe7 18. Be2 Rfd8 19. Rac1 Nf6 20. Rxd8+ Rxd8 21. h3 Nd5 22. Nxd5 1/2-1/2

[Event "Varna op-A 9th"]
[Site "Varna"]
[Date "2015.07.04"]
[Round "9"]
[White "Vladimirov, Ivo"]
[Black "Panbukchian, Valentin"]
[Result "0-1"]
[WhiteElo "2067"]
[BlackElo "2322"]
[PlyCount "52"]
[EventDate "2015.06.26"]
[EventType "swiss"]
[EventRounds "9"]
[EventCountry "BUL"]
[SourceTitle "CBM 167 Extra"]
[Source "ChessBase"]
[SourceDate "2015.09.14"]
[SourceVersion "1"]
[SourceVersionDate "2015.09.14"]
[SourceQuality "1"]

1. d4 f5 2. e4 fxe4 3. Nc3 Nf6 4. Bg5 g6 5. f3 d5 6. fxe4 dxe4 7. Bc4 Bf5 8. Nge2 Nc6 9. Bb5 a6 10. Bxc6+ bxc6 11. Bxf6 exf6 12. Ng3 Be6 13. Ncxe4 f5 14. Nf2 Bh6 15. Qd3 0-0 16. 0-0 Qd6 17. Ne2 Rfe8 18. Rae1 a5 19. c4 Qb4 20. b3 a4 21. d5 cxd5 22. cxd5 Bf7 23. Rd1 axb3 24. axb3 Rad8 25. Qc3 Qb6 26. Nc1 Bxd5 0-1

[Event "BUL-chT2"]
[Site "Sunny Beach"]
[Date "2014.09.19"]
[Round "1.3"]
[White "Ninov, Dayan"]
[Black "Vladimirov, Ivo"]
[Result "1/2-1/2"]
[WhiteElo "2216"]
[BlackElo "2068"]
[PlyCount "70"]
[EventDate "2014.09.19"]
[EventType "team-swiss"]
[EventRounds "7"]
[EventCountry "BUL"]
[SourceTitle "EXT 2015"]
[Source "ChessBase"]
[SourceDate "2014.11.20"]
[SourceVersion "1"]
[SourceVersionDate "2014.11.20"]
[SourceQuality "1"]
[WhiteTeam "Radnevo Maritsa Iztok"]
[BlackTeam "Ruse Pristis"]
[WhiteTeamCountry "BUL"]
[BlackTeamCountry "BUL"]

1. d4 d5 2. c4 c6 3. Nf3 e6 4. e3 Nf6 5. Nbd2 Bd6 6. b3 Nbd7 7. Bb2 0-0 8. Bd3 Re8 9. Ne5 Ne4 10. Nxe4 dxe4 11. Bxe4 Nxe5 12. dxe5 Qa5+ 13. Kf1 Bb4 14. a3 Rd8 15. Qb1 Bc3 16. Qc2 Bxe5 17. b4 Qc7 18. Bxh7+ Kh8 19. Be4 a5 20. Ke2 Bxb2 21. Qxb2 e5 22. Rhd1 Be6 23. Qc3 axb4 24. axb4 Rxa1 25. Rxa1 f5 26. Bc2 e4 27. g3 Qf7 28. Kf1 Bxc4+ 29. Kg1 Be2 30. Bb3 Qh5 31. Bc4 Bxc4 32. Qxc4 Rd1+ 33. Rxd1 Qxd1+ 34. Kg2 Qf3+ 35. Kg1 Qd1+ 1/2-1/2

[Event "Sunny Beach op-B 13th"]
[Site "Sunny Beach"]
[Date "2014.09.12"]
[Round "7"]
[White "Folk, Petr"]
[Black "Vladimirov, Ivo"]
[Result "1-0"]
[WhiteElo "2174"]
[BlackElo "2068"]
[PlyCount "50"]
[EventDate "2014.09.06"]
[EventType "swiss"]
[EventRounds "9"]
[EventCountry "BUL"]
[SourceTitle "CBM 162 Extra"]
[Source "ChessBase"]
[SourceDate "2014.10.17"]
[SourceVersion "1"]
[SourceVersionDate "2014.10.17"]
[SourceQuality "1"]

1. e4 c6 2. c4 d5 3. exd5 cxd5 4. cxd5 Nf6 5. Nc3 g6 6. Qb3 Bg7 7. g3 b6 8. Bg2 Bb7 9. Nge2 0-0 10. 0-0 Na6 11. d4 Ne8 12. Bf4 Nd6 13. Be5 Bh6 14. Rab1 Rc8 15. Rfd1 Qd7 16. Nf4 Nf5 17. Nfe2 Rfe8 18. a4 Ba8 19. Bf4 g5 20. Bc1 Nc7 21. d6 Nxd6 22. Nd5 Bxd5 23. Bxd5 Nxd5 24. Qxd5 Qxa4 25. Nc3 Qd7 1-0

[Event "Sunny Beach op-B 13th"]
[Site "Sunny Beach"]
[Date "2014.09.06"]
[Round "1"]
[White "Manolov, Ivan"]
[Black "Vladimirov, Ivo"]
[Result "1-0"]
[WhiteElo "2227"]
[BlackElo "2068"]
[PlyCount "67"]
[EventDate "2014.09.06"]
[EventType "swiss"]
[EventRounds "9"]
[EventCountry "BUL"]
[SourceTitle "CBM 162 Extra"]
[Source "ChessBase"]
[SourceDate "2014.10.17"]
[SourceVersion "1"]
[SourceVersionDate "2014.10.17"]
[SourceQuality "1"]

1. e4 c6 2. d3 d5 3. Nd2 e5 4. Ngf3 Bd6 5. g3 Nf6 6. Bg2 h6 7. 0-0 Be6 8. Re1 Nbd7 9. d4 Nxe4 10. Nxe4 dxe4 11. Rxe4 f5 12. Re1 e4 13. Nd2 0-0 14. b3 Bb4 15. Re3 Nf6 16. c3 Be7 17. Bb2 Ng4 18. Re1 Bg5 19. Nf1 h5 20. h3 Nxf2 21. Kxf2 f4 22. gxf4 Bxf4 23. Kg1 Qg5 24. h4 Qxh4 25. Rxe4 Bd5 26. Re2 Qg5 27. Qd3 Rae8 28. c4 Be6 29. Rae1 Bf5 30. Qc3 Rxe2 31. Rxe2 Qh6 32. Bf3 Rf6 33. Qe1 Rg6+ 34. Kh1 1-0

[Event "Varna op-B 8th"]
[Site "Varna"]
[Date "2014.06.24"]
[Round "6"]
[White "Golikov, Daniil"]
[Black "Vladimirov, Ivo"]
[Result "0-1"]
[WhiteElo "1850"]
[BlackElo "2066"]
[PlyCount "44"]
[EventDate "2014.06.19"]
[EventType "swiss"]
[EventRounds "9"]
[EventCountry "BUL"]
[SourceTitle "CBM 161 Extra"]
[Source "ChessBase"]
[SourceDate "2014.08.29"]
[SourceVersion "1"]
[SourceVersionDate "2014.08.29"]
[SourceQuality "1"]

1. d4 d5 2. c4 e6 3. Nc3 c6 4. Nf3 Nd7 5. e3 Bd6 6. Bd3 Ngf6 7. 0-0 0-0 8. e4 dxc4 9. Bxc4 e5 10. d5 Nb6 11. Bb3 cxd5 12. exd5 e4 13. Nd4 Bb8 14. Nde2 Bg4 15. h3 Qd6 16. g3 Bxh3 17. Bf4 Qd7 18. Re1 Bg4 19. Bxb8 Bf3 20. Kh2 Qf5 21. Nf4 Bxd1 22. Raxd1 Raxb8 0-1

[Event "Varna op-B 8th"]
[Site "Varna"]
[Date "2014.06.23"]
[Round "5"]
[White "Vladimirov, Ivo"]
[Black "Kostadinov, Teodosi"]
[Result "0-1"]
[WhiteElo "2066"]
[BlackElo "2168"]
[PlyCount "56"]
[EventDate "2014.06.19"]
[EventType "swiss"]
[EventRounds "9"]
[EventCountry "BUL"]
[SourceTitle "CBM 161 Extra"]
[Source "ChessBase"]
[SourceDate "2014.08.29"]
[SourceVersion "1"]
[SourceVersionDate "2014.08.29"]
[SourceQuality "1"]

1. d4 d5 2. Nf3 e6 3. c4 Be7 4. Nc3 Nf6 5. Bg5 0-0 6. e3 h6 7. Bf4 c6 8. cxd5 exd5 9. Bd3 Bd6 10. Bxd6 Qxd6 11. Qc2 Nbd7 12. 0-0 b6 13. e4 dxe4 14. Nxe4 Nxe4 15. Bxe4 Bb7 16. Nh4 g6 17. Rfe1 Kg7 18. Re3 Qf6 19. g3 Rfe8 20. Rae1 Nf8 21. Qc4 Rad8 22. Rd1 Re7 23. Bg2 Red7 24. Re4 Ne6 25. Rc1 Rxd4 26. Rxd4 Nxd4 27. Rd1 Bc8 28. Qd3 Bg4 0-1

[Event "Teteven op 26th"]
[Site "Teteven"]
[Date "2011.08.16"]
[Round "4"]
[White "Vladimirov, Ivo"]
[Black "Nikolov, Rumen"]
[Result "1-0"]
[WhiteElo "2086"]
[BlackElo "1819"]
[PlyCount "71"]
[EventDate "2011.08.13"]
[EventType "swiss"]
[EventRounds "9"]
[EventCountry "BUL"]
[SourceTitle "CBM 143 Extra"]
[Source "ChessBase"]
[SourceDate "2011.08.29"]
[SourceVersion "1"]
[SourceVersionDate "2011.08.29"]
[SourceQuality "1"]

1. d4 d5 2. c4 dxc4 3. Nf3 e6 4. e3 b5 5. a4 c6 6. axb5 cxb5 7. b3 a5 8. bxc4 b4 9. Ne5 Qc7 10. c5 Nf6 11. Bb5+ Nbd7 12. Bd2 Be7 13. 0-0 0-0 14. Nc6 Bd8 15. Nxb4 Bb7 16. Nd3 h5 17. h3 g5 18. Qa4 Be4 19. Nc3 g4 20. Nf4 gxh3 21. Bxd7 hxg2 22. Rfe1 Bf3 23. Bb5 Ng4 24. Be2 Bxe2 25. Ncxe2 Bh4 26. Ng3 Kh8 27. Kxg2 Rg8 28. Rh1 Qe7 29. Rxh4 Qxh4 30. Rh1 Qd8 31. Nfxh5 Qc7 32. Nf6+ Kg7 33. Nxg4 Kf8 34. Nf6 Rg6 35. Rh8+ Ke7 36. Rxa8 1-0

[Event "Teteven op"]
[Site "Teteven"]
[Date "2004.08.28"]
[Round "5"]
[White "Vladimirov, Ivo"]
[Black "Noskov, Anatolij"]
[Result "1-0"]
[WhiteElo "2128"]
[BlackElo "2265"]
[PlyCount "67"]
[EventDate "2004.08.25"]
[EventType "swiss"]
[EventRounds "9"]
[EventCountry "BUL"]
[SourceTitle "CBM 102 Extra"]
[Source "ChessBase"]
[SourceDate "2004.11.03"]
[SourceVersion "1"]
[SourceVersionDate "2004.11.03"]
[SourceQuality "1"]

1. d4 d5 2. Nf3 Nf6 3. c4 dxc4 4. e3 Bg4 5. Bxc4 e6 6. Nc3 a6 7. a4 Nc6 8. d5 Ne5 9. Bb3 exd5 10. Nxd5 Nxd5 11. Qxd5 Bb4+ 12. Ke2 Qxd5 13. Bxd5 0-0-0 14. Be4 Rhe8 15. h3 Bh5 16. g4 Bg6 17. Bxg6 Nxg6 18. Kf1 Rd1+ 19. Kg2 Rxh1 20. Kxh1 Rd8 21. Kg2 Rd1 22. h4 f6 23. Nd4 Nxh4+ 24. Kg3 Ng6 25. f4 Ne7 26. Nc2 c5 27. e4 Bd2 28. Bxd2 Rxd2 29. Rc1 Rd3+ 30. Kf2 Rb3 31. Rb1 Ng6 32. f5 Ne5 33. Ne3 Kd7 34. Rd1+ 1-0

[Event "Teteven op"]
[Site "Teteven"]
[Date "2004.08.26"]
[Round "2"]
[White "Panbukchian, Valentin"]
[Black "Vladimirov, Ivo"]
[Result "1-0"]
[WhiteElo "2343"]
[BlackElo "2128"]
[PlyCount "55"]
[EventDate "2004.08.25"]
[EventType "swiss"]
[EventRounds "9"]
[EventCountry "BUL"]
[SourceTitle "CBM 102 Extra"]
[Source "ChessBase"]
[SourceDate "2004.11.03"]
[SourceVersion "1"]
[SourceVersionDate "2004.11.03"]
[SourceQuality "1"]

1. e4 c6 2. d4 d5 3. Nd2 dxe4 4. Nxe4 Nd7 5. Bc4 Ngf6 6. Ng5 e6 7. Qe2 Nb6 8. Bd3 Nbd5 9. a3 Bd6 10. g3 h6 11. N5f3 0-0 12. Bd2 c5 13. dxc5 Bxc5 14. Ne5 b6 15. Ngf3 Bb7 16. 0-0-0 Qc7 17. Kb1 Rfd8 18. Rhe1 Rac8 19. g4 Bd6 20. h4 Kf8 21. c4 Ne7 22. g5 Bxf3 23. Nxf3 hxg5 24. hxg5 Nfg8 25. g6 Nxg6 26. Bxg6 fxg6 27. Nd4 Re8 28. Nb5 1-0